<?xml version="1.0" encoding="UTF-8"?>
<record
    xmlns:xsi="http://www.w3.org/2001/XMLSchema-instance"
    xsi:schemaLocation="http://www.loc.gov/MARC21/slim http://www.loc.gov/standards/marcxml/schema/MARC21slim.xsd"
    xmlns="http://www.loc.gov/MARC21/slim">

  <leader>00687cam0a220020500 4500</leader>
  <controlfield tag="001">tmp15763726</controlfield>
  <controlfield tag="003">UPRA</controlfield>
  <controlfield tag="005">20190822121117.0</controlfield>
  <controlfield tag="008">951023s1991    xx                  eng u</controlfield>
  <datafield tag="035" ind1=" " ind2=" ">
    <subfield code="a">(Sirsi) r44261</subfield>
  </datafield>
  <datafield tag="035" ind1=" " ind2=" ">
    <subfield code="a">(UPRA)tmp15763726</subfield>
  </datafield>
  <datafield tag="040" ind1=" " ind2=" ">
    <subfield code="c">UPRA</subfield>
  </datafield>
  <datafield tag="100" ind1="1" ind2=" ">
    <subfield code="a">Rodgers, C. P. (Christopher P.)</subfield>
    <subfield code="q">Rodgers, C. P. (Christopher P.)</subfield>
    <subfield code="6">A1804.1</subfield>
  </datafield>
  <datafield tag="245" ind1="1" ind2="0">
    <subfield code="a">Agricultural law /</subfield>
    <subfield code="c">Christopher P. Rodgers, C.V. Margrave-Jones.</subfield>
  </datafield>
  <datafield tag="260" ind1=" " ind2=" ">
    <subfield code="c">1991.</subfield>
  </datafield>
  <datafield tag="949" ind1=" " ind2=" ">
    <subfield code="a">KD58</subfield>
    <subfield code="w">lcc</subfield>
    <subfield code="i">33729001472054</subfield>
    <subfield code="m">MAIN</subfield>
    <subfield code="p">2500</subfield>
    <subfield code="t">BOOK</subfield>
    <subfield code="l">ON-SHELF</subfield>
  </datafield>
  <datafield tag="949" ind1=" " ind2=" ">
    <subfield code="a">KD58</subfield>
    <subfield code="w">lcc</subfield>
    <subfield code="i">33729001472112</subfield>
    <subfield code="m">MAIN</subfield>
    <subfield code="p">2500</subfield>
    <subfield code="t">BOOK</subfield>
    <subfield code="l">ON-SHELF</subfield>
  </datafield>
  <datafield tag="949" ind1=" " ind2=" ">
    <subfield code="a">KD58</subfield>
    <subfield code="w">lcc</subfield>
    <subfield code="i">33729001472179</subfield>
    <subfield code="m">MAIN</subfield>
    <subfield code="p">2500</subfield>
    <subfield code="t">BOOK</subfield>
    <subfield code="l">ON-SHELF</subfield>
  </datafield>
  <controlfield tag="004">44261</controlfield>
  <datafield tag="999" ind1=" " ind2=" ">
    <subfield code="c">134693</subfield>
    <subfield code="d">134693</subfield>
  </datafield>
</record>
